TH-MS-Role of DNA repair genes XRCCI and OGG1 polymorphisms in tne Rheumatoid Arthritis Induced DNA damage (Record no. 480873)
[ view plain ]
| 000 -LEADER | |
|---|---|
| fixed length control field | 00591nam a22001817a 4500 |
| 003 - CONTROL NUMBER IDENTIFIER | |
| control field | ASAB |
| 005 - DATE AND TIME OF LATEST TRANSACTION | |
| control field | 20200131154349.0 |
| 008 - FIXED-LENGTH DATA ELEMENTS--GENERAL INFORMATION | |
| fixed length control field | 180511t xxu||||| |||| 00| 0 eng d |
| 038 ## - RECORD CONTENT LICENSOR | |
| Staff Name | Noman |
| 040 ## - CATALOGING SOURCE | |
| Transcribing agency | ASAB |
| 082 ## - DEWEY DECIMAL CLASSIFICATION NUMBER | |
| Classification number | 660.01 |
| 100 ## - MAIN ENTRY--PERSONAL NAME | |
| Personal name | Rabia Khurshid-sup-Dr. Attya Bhatti |
| 9 (RLIN) | 28242 |
| 245 ## - TITLE STATEMENT | |
| Title | TH-MS-Role of DNA repair genes XRCCI and OGG1 polymorphisms in tne Rheumatoid Arthritis Induced DNA damage |
| Statement of responsibility, etc. | Rabia Khurshid-sup-Dr. Attya Bhatti |
| 260 ## - PUBLICATION, DISTRIBUTION, ETC. | |
| Place of publication, distribution, etc. | Islamabad |
| Name of publisher, distributor, etc. | ASAB NUST |
| Date of publication, distribution, etc. | 2013 |
| 300 ## - PHYSICAL DESCRIPTION | |
| Extent | XIII, 74 P |
| Other physical details | 30 cm |
| 630 ## - SUBJECT ADDED ENTRY--UNIFORM TITLE | |
| Uniform title | Virology and Immunology |
| 9 (RLIN) | 13894 |
| 942 ## - ADDED ENTRY ELEMENTS (KOHA) | |
| Source of classification or shelving scheme | |
| Koha item type | Thesis |
| Withdrawn status | Lost status | Source of classification or shelving scheme | Damaged status | Not for loan | Collection code | Permanent Location | Current Location | Date acquired | Total Checkouts | Full call number | Barcode | Date last seen | Price effective from | Koha item type | Shelving location |
|---|---|---|---|---|---|---|---|---|---|---|---|---|---|---|---|
| Atta-ur-Rahman School of Applied Biosciences (ASAB) | Atta-ur-Rahman School of Applied Biosciences (ASAB) | 05/11/2018 | Thesis 2013 RK | ASABms-21-13 | 05/11/2018 | 05/11/2018 | |||||||||
| Central Library (CL) | Central Library (CL) | 01/29/2020 | 660.01 | CL-T-4863 | 01/29/2020 | 01/29/2020 | Thesis | Thesis |
